[Event "Tolima Deportivo op"]
[Site "Tolima"]
[Date "2021.11.13"]
[Round "3"]
[White "Obando Gonzalez, Luis Alejandro"]
[Black "Gamboa, Jose Pompilio"]
[Result "0-1"]
[WhiteElo "1235"]
[BlackElo "1746"]
[PlyCount "78"]
[EventDate "2021.11.12"]
[EventType "swiss"]
[EventRounds "7"]
[EventCountry "COL"]
[SourceTitle "CBM 205 Extra"]
[Source "ChessBase"]
[SourceDate "2022.01.31"]
[SourceVersion "1"]
[SourceVersionDate "2022.01.31"]
[SourceQuality "1"]

1. e4 e5 2. Nf3 Nc6 3. Bb5 Nge7 4. 0-0 d6 5. d4 exd4 6. Nxd4 Bd7 7. Be3 a6 8. Bd3 Ne5 9. Nc3 c5 10. Nf3 Bg4 11. Be2 N7g6 12. Nxe5 Bxe2 13. Qxe2 Nxe5 14. Rfd1 Qh4 15. f3 Rc8 16. Bf2 Qh5 17. Bg3 Be7 18. Nd5 Bd8 19. Nf4 Qh6 20. Rd5 Rc6 21. Rad1 0-0 22. Nd3 Nxd3 23. R1xd3 Bc7 24. Qd1 c4 25. Rd2 Rd8 26. e5 f5 27. exd6 Bb6+ 28. Bf2 Bxf2+ 29. Kxf2 Qxh2 30. d7 Qh4+ 31. Kg1 c3 32. Qe2 g6 33. Qe8+ Kg7 34. bxc3 Qf6 35. Rd6 Rxd6 36. Rxd6 Qf8 37. Re6 Qc5+ 38. Kh2 Qc7+ 39. Kh1 Rxd7 0-1

[Event "Tunja Boyaca op-B"]
[Site "Tunja"]
[Date "2019.08.02"]
[Round "4"]
[White "Acosta Neira, Jaime"]
[Black "Gamboa, Jose Pompilio"]
[Result "0-1"]
[WhiteElo "1570"]
[BlackElo "1781"]
[PlyCount "102"]
[EventDate "2019.07.31"]
[EventType "swiss"]
[EventRounds "9"]
[EventCountry "COL"]
[SourceTitle "EXT 2020"]
[Source "ChessBase"]
[SourceDate "2019.10.17"]
[SourceVersion "1"]
[SourceVersionDate "2019.10.17"]
[SourceQuality "1"]

1. e4 d6 2. d4 f5 3. Bd3 fxe4 4. Bxe4 Nd7 5. Nf3 Ngf6 6. Bd3 c6 7. Nc3 g6 8. Ne4 Bg7 9. Nxf6+ Nxf6 10. 0-0 0-0 11. Qe2 Re8 12. Ng5 e5 13. dxe5 dxe5 14. c3 Nd5 15. Rd1 Re7 16. Qc2 Bd7 17. Nf3 Be6 18. Bc4 Re8 19. Qb3 Kh8 20. Qxb7 Qb6 21. Qxb6 axb6 22. Ng5 Bg8 23. Ne4 Nxc3 24. Nxc3 Bxc4 25. Be3 b5 26. Rac1 e4 27. Bc5 Bd3 28. Re1 Kg8 29. Nd1 Kf7 30. a3 Re6 31. b3 Be5 32. Ne3 Bb2 33. Rcd1 Bxa3 34. Bxa3 Rxa3 35. f3 Rxb3 36. Ra1 exf3 37. gxf3 Bf5 38. h3 b4 39. Ra7+ Kf6 40. Ng4+ Bxg4 41. Rxe6+ Bxe6 42. Rxh7 Rxf3 43. Kg2 Rxh3 44. Rc7 Rc3 45. Kf2 Ke5 46. Ke2 Kd4 47. Re7 Bf5 48. Kd2 Rc2+ 49. Kd1 b3 50. Re8 c5 51. Rd8+ Kc4 0-1

[Event "Tunja Boyaca op-B"]
[Site "Tunja"]
[Date "2019.08.01"]
[Round "3"]
[White "Gamboa, Jose Pompilio"]
[Black "Fajardo Devia, Nicolas Esteban"]
[Result "1-0"]
[WhiteElo "1781"]
[BlackElo "1408"]
[PlyCount "79"]
[EventDate "2019.07.31"]
[EventType "swiss"]
[EventRounds "9"]
[EventCountry "COL"]
[SourceTitle "EXT 2020"]
[Source "ChessBase"]
[SourceDate "2019.10.17"]
[SourceVersion "1"]
[SourceVersionDate "2019.10.17"]
[SourceQuality "1"]

1. Nf3 d5 2. e4 dxe4 3. Ng5 Nf6 4. d3 Bf5 5. Nc3 e6 6. Bf4 Bb4 7. dxe4 Qxd1+ 8. Rxd1 Bxe4 9. Bxc7 0-0 10. Be5 Nbd7 11. Bd3 Bxg2 12. Rg1 Bc6 13. f4 h6 14. Nh7 Bc5 15. Rg3 Nh5 16. Nxf8 Nxg3 17. Nxd7 Bxd7 18. hxg3 f6 19. Ne4 fxe5 20. Nxc5 Bc6 21. fxe5 Rf8 22. Nxe6 Rf3 23. Bg6 Re3+ 24. Kf2 Rf3+ 25. Ke2 Rf8 26. Nxf8 Kxf8 27. Ke3 Ke7 28. Be4 Bd7 29. Rxd7+ Kxd7 30. Bxb7 Ke6 31. Kd4 g5 32. c4 Kf5 33. c5 Kg4 34. c6 Kxg3 35. c7 h5 36. c8Q g4 37. Qc3+ Kh4 38. Qe3 g3 39. Bc8 g2 40. Qf4# 1-0

[Event "COL sub zt 2.3.4"]
[Site "La Dorada"]
[Date "2016.11.07"]
[Round "9"]
[White "Hernandez, Schneider"]
[Black "Gamboa, Jose Pompilio"]
[Result "1-0"]
[WhiteElo "1929"]
[BlackElo "1781"]
[PlyCount "69"]
[EventDate "2016.11.02"]
[EventType "swiss"]
[EventRounds "9"]
[EventCountry "COL"]
[SourceTitle "CBM 175 Extra"]
[Source "ChessBase"]
[SourceDate "2016.12.12"]
[SourceVersion "1"]
[SourceVersionDate "2016.12.12"]
[SourceQuality "1"]

1. c4 e5 2. g3 Be7 3. Bg2 Nf6 4. Nc3 c6 5. d4 exd4 6. Qxd4 0-0 7. Nf3 d6 8. 0-0 Nbd7 9. Bf4 Ne8 10. Rad1 Ndf6 11. e4 Qb6 12. Qd2 Bg4 13. h3 Be6 14. b3 a6 15. Rfe1 Rd8 16. Nd4 Qa5 17. Nd5 Qxd2 18. Nxe7+ Kh8 19. Rxd2 Nh5 20. Nef5 Nxf4 21. gxf4 c5 22. Nc2 g6 23. Ng3 Ng7 24. Red1 Ne8 25. e5 Bc8 26. exd6 Nf6 27. d7 Rxd7 28. Rxd7 Nxd7 29. Bxb7 Nf6 30. Bxc8 Rxc8 31. Rd6 Kg7 32. Rxa6 h5 33. h4 Rd8 34. Ne3 Rd4 35. Nef5+ 1-0

[Event "COL-ch"]
[Site "Ibague"]
[Date "2013.07.07"]
[Round "11"]
[White "Gamboa, Jose Pompilio"]
[Black "Latorre, Franklin Leandro"]
[Result "1/2-1/2"]
[WhiteElo "1778"]
[BlackElo "1927"]
[PlyCount "121"]
[EventDate "2013.07.01"]
[EventType "swiss"]
[EventRounds "11"]
[EventCountry "COL"]
[SourceTitle "EXT 2014"]
[Source "ChessBase"]
[SourceDate "2013.11.20"]
[SourceVersion "1"]
[SourceVersionDate "2013.11.20"]
[SourceQuality "1"]

1. e4 c6 2. Nc3 d5 3. exd5 cxd5 4. d4 Nf6 5. Bb5+ Nc6 6. Nf3 Bf5 7. 0-0 e6 8. Bg5 Be7 9. Ne5 Qb6 10. Qe2 0-0 11. Bxc6 bxc6 12. Bxf6 Bxf6 13. Nd7 Qxb2 14. Qd2 Rfc8 15. Nxf6+ gxf6 16. Rfc1 c5 17. Rab1 Qa3 18. Nb5 Qa6 19. Qf4 cxd4 20. Nc7 Qc4 21. Nxa8 Rxa8 22. Rb3 Rc8 23. Rg3+ Bg6 24. h4 d3 25. Qxc4 Rxc4 26. h5 d2 27. Rd1 Rxc2 28. Kf1 Rxa2 29. hxg6 hxg6 30. Ke2 Kf8 31. Rxd2 Ra4 32. Rb3 f5 33. Rdd3 Rc4 34. Rdc3 Re4+ 35. Kd3 a5 36. Rb7 Kg7 37. Rcc7 a4 38. Rxf7+ Kh6 39. g3 Kg5 40. f3 Re1 41. Ra7 e5 42. Rxa4 e4+ 43. Kd2 Rg1 44. f4+ Kg4 45. Rg7 Rxg3 46. Rxg6+ Kxf4 47. Rd6 Ke5 48. Rd8 Rg2+ 49. Ke1 f4 50. Ra5 Rg1+ 51. Kd2 e3+ 52. Ke2 Rg2+ 53. Kf1 Rd2 54. Re8+ Kf5 55. Ra4 d4 56. Ke1 f3 57. Ra5+ Kf4 58. Rf8+ Ke4 59. Re8+ Kd3 60. Ra3+ Kc4 61. Raxe3 1/2-1/2

[Event "COL-ch"]
[Site "Ibague"]
[Date "2013.07.05"]
[Round "8"]
[White "O'Neil, Donovan"]
[Black "Gamboa, Jose Pompilio"]
[Result "0-1"]
[WhiteElo "1692"]
[BlackElo "1778"]
[PlyCount "38"]
[EventDate "2013.07.01"]
[EventType "swiss"]
[EventRounds "11"]
[EventCountry "COL"]
[SourceTitle "EXT 2014"]
[Source "ChessBase"]
[SourceDate "2013.11.20"]
[SourceVersion "1"]
[SourceVersionDate "2013.11.20"]
[SourceQuality "1"]

1. e4 e5 2. Nf3 Nc6 3. Bc4 Bc5 4. Nc3 Nf6 5. d3 a6 6. 0-0 0-0 7. h3 h6 8. Re1 d6 9. Be3 Nd4 10. a3 c6 11. b4 Ba7 12. Qd2 Nxf3+ 13. gxf3 Bxe3 14. Qxe3 Nh5 15. Kh2 Qh4 16. Rh1 Nf4 17. Kg1 Qg5+ 18. Kf1 Qg2+ 19. Ke1 Qxh1+ 0-1

[Event "COL-ch"]
[Site "Ibague"]
[Date "2013.07.01"]
[Round "1"]
[White "Soto, Cristian Camilo"]
[Black "Gamboa, Jose Pompilio"]
[Result "1-0"]
[WhiteElo "2079"]
[BlackElo "1778"]
[PlyCount "71"]
[EventDate "2013.07.01"]
[EventType "swiss"]
[EventRounds "11"]
[EventCountry "COL"]
[SourceTitle "EXT 2014"]
[Source "ChessBase"]
[SourceDate "2013.11.20"]
[SourceVersion "1"]
[SourceVersionDate "2013.11.20"]
[SourceQuality "1"]

1. c4 e5 2. Nc3 Nf6 3. g3 Bc5 4. Bg2 0-0 5. e3 a6 6. Nge2 c6 7. 0-0 d5 8. d4 exd4 9. exd4 Be7 10. cxd5 cxd5 11. Nf4 Be6 12. Nxe6 fxe6 13. Qe2 Qd7 14. Re1 Nc6 15. Qxe6+ Qxe6 16. Rxe6 Kf7 17. Re1 Bb4 18. Be3 Rad8 19. Rad1 b5 20. Rc1 Na5 21. a3 Be7 22. Bg5 b4 23. Nxd5 Nxd5 24. Bxd5+ Rxd5 25. Bxe7 Re8 26. Bxb4 Rxe1+ 27. Bxe1 Nb3 28. Rc7+ Kg8 29. Bc3 Nxd4 30. Kg2 g5 31. Ra7 Nb5 32. Ra8+ Kf7 33. Bb4 g4 34. Rxa6 Nd4 35. Rd6 Rxd6 36. Bxd6 1-0